| 000 | 00515cam a2200217 4500 | ||
|---|---|---|---|
| 001 | D14674 | ||
| 008 | 090401t1921 xxu||||| |||| 00| 0 eng d | ||
| 035 | _a(Sirsi) u17296 | ||
| 041 | _aeng | ||
| 050 | _a657.833 | ||
| 100 | _aDicksee, Lawrence R | ||
| 245 | _aAuctioneers' Accounts | ||
| 250 | _a4th | ||
| 260 |
_aLondon _bGee & Co _c1921 |
||
| 300 | _ax, 90p. 21cm | ||
| 350 | _a0 | ||
| 490 |
_aThe Accountant _vVol. II s` Library |
||
| 650 | _aAUCTIONEERS ACCOUNTS | ||
| 942 | _n0 | ||
| 948 | _c04/03/1997 | ||
| 999 |
_c87494 _d87494 |
||